000 00407nam a2200145 a 4500
001 000044312
005 20201002045303.0
008 140613s2005 dr 000 0 spa d
020 _z9945405306
040 _aDO-SdBNP
_bspa
_cBNPHU
100 1 _aRosario, Johan
_972317
245 1 0 _aRestos de corazón :
_brelatos /
_cJohan Rosario.
260 _aSanto Domingo :
_bManatí,
_c2005.
300 _a149 p. ;
_c22 cm.
999 _c43801
_d43801